| 000 | 00815cam a22002653a 4500 | ||
|---|---|---|---|
| 001 | 23487 | ||
| 003 | PGUSA | ||
| 005 | 20140828083512.0 | ||
| 008 | 071115s2007||||xxu|||||s|||||000 1 eng d | ||
| 040 |
_aPGUSA _beng |
||
| 042 | _adc | ||
| 050 | 4 | _aPS | |
| 100 | 1 |
_aKing, Charles, _d1844-1933 |
|
| 245 | 1 | 0 |
_aTonio, Son of the Sierras : _bA Story of the Apache War _h[electronic resource] / _cCharles King |
| 260 |
_bProject Gutenberg, _c2007 |
||
| 506 | _aPublic domain in the USA. | ||
| 516 | _aElectronic text | ||
| 653 | _aApache Indians -- Wars, 1872-1873 -- Fiction | ||
| 653 | _aWestern stories | ||
| 653 | _aSoldiers -- West (U.S.) -- Fiction | ||
| 700 | 1 |
_aPost, Charles Johnson, _d1873-1956 |
|
| 830 | 0 |
_aProject Gutenberg _v23487 |
|
| 856 | 4 | 0 | _uhttp://www.gutenberg.org/ebooks/23487 |
| 942 | _cEB | ||
| 999 |
_c252742 _d252742 |
||